Recherche pour une sémanalyse : essais (Record no. 35947)
[ view plain ]
| 000 -LEADER | |
|---|---|
| fixed length control field | 00592 a2200265 4500 |
| 037 ## - SOURCE OF ACQUISITION | |
| Stock number | 5512 |
| 037 ## - SOURCE OF ACQUISITION | |
| Stock number | 5513 |
| 037 ## - SOURCE OF ACQUISITION | |
| Stock number | 5514 |
| 037 ## - SOURCE OF ACQUISITION | |
| Stock number | 5515 |
| 020 ## - NUMERO INTERNATIONAL NORMALISE DES LIVRES | |
| International Standard Book Number | 2-02-001950-7 |
| 100 ## - VEDETTE PRINCIPALE - NOM DE PERSONNE | |
| Personal name | KRISTEVA, Julia |
| 100 ## - VEDETTE PRINCIPALE - NOM DE PERSONNE | |
| Language of a work | Fr |
| 260 ## - PUBLICATION, DISTRIBUTION, ETC. (IMPRINT) | |
| Place of publication, distribution, etc | Paris |
| 260 ## - PUBLICATION, DISTRIBUTION, ETC. (IMPRINT) | |
| Name of publisher, distributor, etc | Seuil |
| 245 ## - TITLE STATEMENT | |
| Title | Recherche pour une sémanalyse : essais |
| 260 ## - PUBLICATION, DISTRIBUTION, ETC. (IMPRINT) | |
| Date of publication, distribution, etc | 1969 |
| 300 ## - PHYSICAL DESCRIPTION | |
| Extent | 379 p. |
| 300 ## - PHYSICAL DESCRIPTION | |
| Other physical details | 21 cm |
| 440 ## - SERIES STATEMENT/ADDED ENTRY--TITLE | |
| Title | Tel Quel |
| 630 ## - SUBJECT ADDED ENTRY--UNIFORM TITLE | |
| Uniform title | 80 - Questions generales en linguistique et litterature. Philologie |
| 650 ## - SUBJECT ADDED ENTRY--TOPICAL TERM | |
| Topical term or geographic name as entry element | 8 - LITTERATURE |
| 650 ## - SUBJECT ADDED ENTRY--TOPICAL TERM | |
| Topical term or geographic name as entry element | sémanalyse |
| Withdrawn status | Lost status | Damaged status | Not for loan | Location (home branch) | Sublocation or collection (holding branch) | Date acquired | Koha issues (times borrowed) | Koha full call number | Koha date last seen | Price effective from | Koha item type |
|---|---|---|---|---|---|---|---|---|---|---|---|
| Bibliothèque Universitaire Centrale | Bibliothèque Universitaire Centrale | 28/02/2009 | 801-54 KRI | 28/02/2009 | 28/02/2009 | Livre |